| 000 | 00699nam a2200205Ia 4500 | ||
|---|---|---|---|
| 001 | 9912 | ||
| 003 | GE_BSU | ||
| 008 | 181216s||||||||xx |||||||||||||| ||und|| | ||
| 040 | _cGE_BSU | ||
| 245 | _aРеферативный журнал.№4.20.Экономика Промышленности.2014 | ||
| 245 | _b20.Экономика Промышленности | ||
| 245 | _cП.А.МИНАКИР | ||
| 260 | _aМосква | ||
| 260 | _bВинити РАН | ||
| 260 | _c2014 | ||
| 300 | _a16стр.30см. | ||
| 653 | _a20.Економика Промышленности | ||
| 653 | _aРеферативный журнал.Экономика Промышленности.2014 | ||
| 942 | _cCR | ||
| 999 |
_c43190 _d43190 |
||